En la vida diez, en la escuela cero

保存先:
書誌詳細
主要な著者: Carraher, Terezinha (著者), Carraher, David (著者), Schliemann, Analúcia (著者)
フォーマット: 図書
言語:スペイン語
出版事項: Ciudad de México Siglo veintiuno 1999
版:5a. ed
シリーズ:Educación
主題:
タグ: タグ追加
タグなし, このレコードへの初めてのタグを付けませんか!

MARC

LEADER 00000nam a2200000 a 4500
001 UCH3899
003 CL-VaPUC
005 20240610165123.0
008 090818e19990000MX |||||||||||||||||spa|d
999 |c 335303  |d 335301 
020 |a 9682317614 
040 |c Pontificia Universidad Católica de Valparaíso 
082 0 4 |a 510.1  |b CAR  |2 21 
100 0 |a Carraher, Terezinha  |e author  |9 539357 
245 1 3 |a En la vida diez, en la escuela cero 
250 |a 5a. ed 
260 |a Ciudad de México  |b Siglo veintiuno  |c 1999 
300 |a 191 p 
490 0 |a Educación 
583 |a last modification  |c 20090818 00:00:00  |k Rodrigo Vera 
650 0 |a Matemática  |9 260235 
650 0 |a Filosofía de las matemáticas   |9 265233 
650 0 |a Aritmética   |9 270049 
650 0 |a Álgebra  |9 259567 
700 0 |a Carraher, David  |e author  |9 539358 
700 0 |a Schliemann, Analúcia  |e author  |9 539359 
942 |c BK  |2 ddc 
945 |d 20090818 00:00:00  |a ccalabra